Country by Time Zone - Statistics

General Stats
  • This quiz has been taken 23 times
  • The average score is 21 of 31
Answer Stats
Hint Answer % Correct
-10:00 United States
100%
-04:00 Antigua and Barbuda | Barbados | Bolivia | Brazil | Canada | Chile | Dominica | Dominican Republic | Grenada | Guyana | Paraguay | Saint Kitts and Nevis | Saint Lucia | Saint Vincent and the Grenadines | Trinidad and Tobago | Venezuela
94%
-05:00 Bahamas | Brazil | Canada | Colombia | Cuba | Ecuador | Haiti | Jamaica | Mexico | Panama | Peru | United States
94%
-06:00 Belize | Canada | Costa Rica | El Salvador | Guatemala | Honduras | Mexico | Nicaragua | United States
94%
-08:00 Canada | Mexico | United States
94%
-07:00 Canada | Mexico | United States
94%
-09:00 United States
94%
-03:00 Argentina | Brazil | Chile | Suriname | Uruguay
88%
+01:00 Albania | Algeria | Andorra | Angola | Austria | Belgium | Benin | Bosnia and Herzegovina | Cameroon | Central African Republic | Chad | Croatia | Czech Republic | Democratic Republic of the Congo | Denmark | Equatorial Guinea | France | Gabon | Germany | Hungary | Italy | Kosovo | Liechtenstein | Luxembourg | Malta | Monaco | Montenegro | Morocco | Netherlands | Niger | Nigeria | North Macedonia | Norway | Poland | Republic of the Congo | San Marino | Serbia | Slovakia | Slovenia | Spain | Sweden | Switzerland | Tunisia | Vatican City
81%
+04:00 Armenia | Azerbaijan | Georgia | Mauritius | Oman | Russia | Seychelles | United Arab Emirates
81%
+03:00 Bahrain | Belarus | Comoros | Djibouti | Eritrea | Ethiopia | Iraq | Jordan | Kenya | Kuwait | Madagascar | Qatar | Russia | Saudi Arabia | Somalia | South Africa | Syria | Tanzania | Turkey | Uganda | Ukraine | Yemen
81%
+02:00 Botswana | Bulgaria | Burundi | Cyprus | Democratic Republic of the Congo | Egypt | Estonia | Eswatini | Finland | Greece | Israel | Latvia | Lebanon | Lesotho | Libya | Lithuania | Malawi | Moldova | Mozambique | Namibia | Romania | Russia | Rwanda | South Africa | South Sudan | Sudan | Ukraine | Zambia | Zimbabwe
81%
+00:00 Burkina Faso | Gambia | Ghana | Guinea | Guinea-Bissau | Iceland | Ireland | Ivory Coast | Liberia | Mali | Mauritania | Portugal | Senegal | Sierra Leone | Sao Tome and Principe | Togo | United Kingdom
81%
+08:00 Australia | Brunei | China | Indonesia | Malaysia | Mongolia | Philippines | Russia | Singapore | Taiwan
69%
+06:00 Bangladesh | Bhutan | Kyrgyzstan | Russia
69%
+07:00 Cambodia | Indonesia | Laos | Mongolia | Russia | Thailand | Vietnam
69%
+05:00 Kazakhstan | Maldives | Pakistan | Russia | Tajikistan | Turkmenistan | Uzbekistan
69%
+10:00 Australia | Federated States of Micronesia | Papua New Guinea | Russia
63%
+09:00 East Timor | Indonesia | Japan | North Korea | Palau | Russia | South Korea
63%
+11:00 Federated States of Micronesia | Russia | Solomon Islands | Vanuatu
63%
+12:00 Fiji | Kiribati | Marshall Islands | Nauru | Russia | Tuvalu | New Zealand
63%
+03:30 Iran
56%
+13:00 Kiribati | Samoa | Tonga
56%
-01:00 Cape Verde
50%
+05:30 India | Sri Lanka
50%
+14:00 Kiribati
50%
+05:45 Nepal
50%
-03:30 Canada
44%
+06:30 Myanmar
38%
+04:30 Afghanistan
31%
+09:30 Australia
31%
No matching quizzes found
Score Distribution
Percent of People with Each Score
Percentile by Number Answered
Your Score History
You have not taken this quiz